000 00841nam a2200217 a 4500
001 54936
003 BD-RjUL
005 20211209080206.0
008 161112s1992 bg ||||| |||| 00| 0 ben d
035 _a(BD-RjUL)55058
040 _aBD-RjUL
_bben
_cBD-RjUL
_dBD-RjUL
041 _aben
082 _223
_a615.532
_bRAM 1992
100 _aরশিদ, খন্দকার আব্দুর
_9162160
245 1 0 _aহোমিও চক্ষু চিকিৎসা বিজ্ঞান /
_cখন্দকার আব্দুর রশিদ,
260 _aকুষ্টিয়া :
_bতাহ্‌মিনা খন্দকার,
_c১৯৯২.
300 _a[১৪], ৫৮৪ পৃ. :
_bচিত্র ;
_c২১ সেমি.
650 _aহোমিও
_9163799
650 _aHomeopathic
_9163800
942 _2ddc
_cBK
999 _c54936
_d54936